Statistics for PJ Harvey albums

Click here to take the quiz!

General Stats

  • This quiz has been taken 58 times
  • The average score is 8 of 9

Answer Stats

YearAnswer% Correct
2011Let England Shake
98%
1992Dry
93%
1993Rid of Me
93%
1998Is This Desire?
91%
2000Stories from the City, Stories from the Sea
91%
1995To Bring You My Love
89%
2004Uh Huh Her
84%
2007White Chalk
81%
2016The Hope Six Demolition Project
74%

Score Distribution

Percentile by Number Answered

Percent of People with Each Score

Your Score History

You have not taken this quiz